00513nam a22001697a 4500008004100000020001800041020001500059050002300074100002200097245007900119250001200198260004500210300002600255500002000281650001700301700002500318161010b xxu||||| |||| 00| 0 eng d a9780393926293 a039392629X aGC 11.2 .S443 2006 aSegar, Douglas A. aIntroduction to Ocean Sciences/cDouglas A. Segar and Elaine Stamman Segar a2nd ed. aNew York:bW. W. Norton & Company,c2006 axxix, 581p. :bill. ; aIncludes index. aOceanography aSegar, Elain Stamman